cartes hearthstone cri de guerre - Statistiques

Statistiques générales
  • Ce quiz a été pris 46 fois
  • Le résultat moyen est 4 sur 20
Answers on the Grid
Answers color-coded by a green-red scale on the quiz's grid according to % correct below.
Artiste des mers du Sud
Géomancien de Tranchebauge
Voyante menaçante
Embrouillement
Murdragon flamboyant
Tavernier amical
Amateur de fontaines
Cheffe d’Orc-estre
Paysagiste irascible
Élémentaire gangrené
Garde subalterne
Observateur altruiste
Cyberpirate murloc
Barde romantique
Artiste de rodéo
Chauffeuse furieuse
Guetteur primaileron
Messagère man’ari
Souffle-grange dansant
Garde-côte
Kalecgos, Aspect des Arcanes
Recrue de la Main d’argent
Championne sanguine
Moira Barbe-de-Bronze
Tisse-colère
Faites comme l’oiseau
Modeleur de boules de feu
Rylak fan de métal
Robot d’alarme frénétique
Ara monstrueux
Dracthyr dévoué
Gardienne d’antan
Conteur funèbre
Haute surveillance
Copiste san’layn
Corsaire ambidextre
Grouillant des nids
Garde funeste à deux têtes
Silivaz le Vindicatif
Gardien de granite
 
Statistiques - réponses
Réponse % Correct
Guetteur primaileron
47%
Cheffe d’Orc-estre
38%
Championne sanguine
31%
Artiste des mers du Sud
28%
Élémentaire gangrené
28%
Artiste de rodéo
25%
Embrouillement
25%
Voyante menaçante
25%
Barde romantique
19%
Garde-côte
19%
Garde subalterne
19%
Recrue de la Main d’argent
19%
Souffle-grange dansant
19%
Cyberpirate murloc
13%
Messagère man’ari
13%
Observateur altruiste
13%
Tavernier amical
13%
Amateur de fontaines
9%
Géomancien de Tranchebauge
9%
Chauffeuse furieuse
6%
Aucun quiz correspondant
Distribution des résultats
% des personnes avec chaque résultat
Percentile par nombre de réponses
Votre historique - résultats
Vous n’avez pas pris ce quiz